UCI WT INEOS Grenadiers riders 2025. - Statistics

General Stats
  • This quiz has been taken 55 times
    42 since last reset
  • The average score is 21 of 28
Answer Stats
Hint Answer % Correct
POL Michał Kwiatkowski
96%
COL Egan Bernal
91%
GBR Geraint Thomas
91%
USA Magnus Sheffield
91%
ITA Filippo Ganna
87%
GBR Joshua Tarling
87%
NLD Thymen Arensman
87%
NOR Tobias Foss
87%
GBR Ben Swift
83%
LUX Bob Jungels
83%
SPA Carlos Rodríguez
83%
GBR Connor Swift
83%
SPA Oscar Rodríguez
83%
MON Victor Langellotti
83%
FRA Axel Laurance
78%
AUS Caleb Ewan
78%
SPA Omar Fraile
78%
GBR Ben Turner
74%
SPA Jonathan Castroviejo
74%
BEL Laurens De Plus
74%
CAN Michael Leonard
74%
COL Brandon Smith Rivera
65%
ITA Salvatore Puccio
65%
USA Andrew August
61%
GER Kim Heiduk
57%
GBR Samuel Watson
57%
AUS Lucas Hamilton
48%
USA Artem Shmidt
39%
No matching quizzes found
Score Distribution
Percent of People with Each Score
Percentile by Number Answered
Your Score History
You have not taken this quiz since the last reset